[Event "Dabki School-ch"]
[Site "Dabki"]
[Date "2007.08.31"]
[Round "9.3"]
[White "Cholewa, Maria"]
[Black "Swieszek, Daria"]
[Result "1/2-1/2"]
[WhiteElo "1829"]
[BlackElo "1829"]
[PlyCount "106"]
[EventDate "2007.08.24"]
[EventType "swiss"]
[EventRounds "8"]
[EventCountry "POL"]
[SourceTitle "EXT 2023"]
[Source "ChessBase"]
[SourceDate "2022.10.05"]
[SourceVersion "1"]
[SourceVersionDate "2022.10.05"]
[SourceQuality "1"]

1. e4 c5 2. Nc3 d6 3. g3 g6 4. Bg2 Bg7 5. d3 Nc6 6. Nf3 e6 7. 0-0 Nge7 8. a3 0-0 9. Rb1 Rb8 10. Be3 Nd4 11. Ne2 Nxf3+ 12. Bxf3 Qc7 13. d4 cxd4 14. Nxd4 a6 15. c3 e5 16. Nc2 Be6 17. Nb4 f5 18. exf5 Nxf5 19. Bd5 Bf7 20. Bc1 Ne7 21. Bxf7+ Rxf7 22. Nd5 Nxd5 23. Qxd5 Qc5 24. Qxc5 dxc5 25. Be3 c4 26. Rbd1 b5 27. Rd6 Ra8 28. Rfd1 Rf6 29. R6d5 Rff8 30. Bc5 Rfe8 31. Kg2 Re6 32. Rd7 Bf8 33. Rd8 Re8 34. Rxe8 Rxe8 35. Bxf8 Kxf8 36. Rd6 e4 37. Rxa6 e3 38. fxe3 Rxe3 39. Kf2 Rd3 40. Ke2 Rd5 41. Ra8+ Kg7 42. Ra7+ Kh6 43. Re7 g5 44. h3 Kg6 45. Kf3 Rd3+ 46. Re3 Rd2 47. Re2 Rd3+ 48. Kg2 h5 49. Rf2 Rd1 50. Re2 Kf5 51. Kf3 Rd3+ 52. Kg2 Rd1 53. Kf3 Rd3+ 1/2-1/2

[Event "Dabki School-ch"]
[Site "Dabki"]
[Date "2007.08.29"]
[Round "7.2"]
[White "Checinski, Remigiusz"]
[Black "Swieszek, Daria"]
[Result "1-0"]
[WhiteElo "1723"]
[BlackElo "1829"]
[PlyCount "77"]
[EventDate "2007.08.24"]
[EventType "swiss"]
[EventRounds "8"]
[EventCountry "POL"]
[SourceTitle "EXT 2023"]
[Source "ChessBase"]
[SourceDate "2022.10.05"]
[SourceVersion "1"]
[SourceVersionDate "2022.10.05"]
[SourceQuality "1"]

1. d4 d5 2. Nf3 Nf6 3. Bg5 e6 4. e3 Nbd7 5. Be2 Be7 6. 0-0 c5 7. c4 0-0 8. Nc3 dxc4 9. Bxc4 cxd4 10. Nxd4 Ne5 11. Be2 Qb6 12. Qb3 Qxb3 13. Nxb3 Ng6 14. Rac1 h6 15. Bxf6 Bxf6 16. Rc2 b6 17. Ne4 Be7 18. Rfc1 f5 19. Ned2 e5 20. Bc4+ Kh7 21. Bd5 Rb8 22. Rc7 a5 23. a4 Rd8 24. Bf7 Bd6 25. Bxg6+ Kxg6 26. R7c6 Be6 27. Nc4 Bd5 28. Nxd6 Bxc6 29. Rxc6 Kh5 30. g3 g6 31. Nd2 f4 32. N2c4 fxg3 33. hxg3 Rf8 34. Nxe5 Rf5 35. Nxf5 gxf5 36. Nf7 b5 37. Rxh6+ Kg4 38. Rh4+ Kf3 39. Kf1 1-0

[Event "POL-ch U18 Girls"]
[Site "Leba"]
[Date "2007.04.01"]
[Round "11"]
[White "Botor, Michalina"]
[Black "Swieszek, Daria"]
[Result "1/2-1/2"]
[WhiteElo "1828"]
[BlackElo "1850"]
[PlyCount "51"]
[EventDate "2007.03.24"]
[EventType "swiss"]
[EventRounds "11"]
[EventCountry "POL"]
[SourceTitle "EXT 2011"]
[Source "ChessBase"]
[SourceDate "2010.11.26"]
[SourceVersion "1"]
[SourceVersionDate "2010.11.26"]
[SourceQuality "1"]

1. c4 c6 2. Nc3 Nf6 3. Nf3 d5 4. cxd5 cxd5 5. d4 Bf5 6. Qb3 b6 7. Bf4 Nc6 8. e3 Na5 9. Bb5+ Bd7 10. Bxd7+ Qxd7 11. Qb5 e6 12. Qxd7+ Nxd7 13. 0-0 Bb4 14. Rac1 0-0 15. Nb5 a6 16. Nd6 Rfd8 17. Rc7 f6 18. Nb7 Nxb7 19. Rxb7 b5 20. Rc1 Rac8 21. Rxc8 Rxc8 22. h3 Nf8 23. Rb6 g5 24. Bg3 h5 25. a3 Be7 26. Bd6 1/2-1/2

[Event "POL-ch U18 Girls"]
[Site "Leba"]
[Date "2007.03.31"]
[Round "10"]
[White "Swieszek, Daria"]
[Black "Markowska, Maria"]
[Result "1/2-1/2"]
[WhiteElo "1850"]
[BlackElo "1738"]
[PlyCount "42"]
[EventDate "2007.03.24"]
[EventType "swiss"]
[EventRounds "11"]
[EventCountry "POL"]
[SourceTitle "EXT 2011"]
[Source "ChessBase"]
[SourceDate "2010.11.26"]
[SourceVersion "1"]
[SourceVersionDate "2010.11.26"]
[SourceQuality "1"]

1. e4 e6 2. d4 d5 3. Nd2 c5 4. exd5 exd5 5. Ngf3 Nc6 6. dxc5 Bxc5 7. Nb3 Bd6 8. Bd3 Nge7 9. 0-0 Ne5 10. Nxe5 Bxe5 11. Re1 Qd6 12. Qh5 Bf6 13. g3 Bd7 14. Bf4 Qc6 15. Be5 0-0-0 16. c4 g6 17. cxd5 Qxd5 18. Rac1+ Nc6 19. Be4 Qxe5 20. Qxe5 Bxe5 21. Bxc6 Bxc6 1/2-1/2

[Event "POL-ch U18 Girls"]
[Site "Leba"]
[Date "2007.03.30"]
[Round "9"]
[White "Swieszek, Daria"]
[Black "Sygulska, Anna"]
[Result "1/2-1/2"]
[WhiteElo "1850"]
[BlackElo "1810"]
[PlyCount "41"]
[EventDate "2007.03.24"]
[EventType "swiss"]
[EventRounds "11"]
[EventCountry "POL"]
[SourceTitle "EXT 2011"]
[Source "ChessBase"]
[SourceDate "2010.11.26"]
[SourceVersion "1"]
[SourceVersionDate "2010.11.26"]
[SourceQuality "1"]

1. e4 c5 2. Nc3 Nc6 3. g3 g6 4. Bg2 Bg7 5. d3 e6 6. f4 Nge7 7. Nf3 d5 8. e5 0-0 9. 0-0 f6 10. Qe2 fxe5 11. fxe5 Nf5 12. Bf4 a6 13. Nd1 Nfd4 14. Nxd4 Nxd4 15. Qd2 Nc6 16. Re1 Qc7 17. Qe2 Nd4 18. Qd2 Nc6 19. Qe2 Nd4 20. Qd2 Nc6 21. Qe2 1/2-1/2

[Event "POL-ch U18 Girls"]
[Site "Leba"]
[Date "2007.03.29"]
[Round "8"]
[White "Raszkiewicz, Agnieszka"]
[Black "Swieszek, Daria"]
[Result "0-1"]
[WhiteElo "1883"]
[BlackElo "1850"]
[PlyCount "116"]
[EventDate "2007.03.24"]
[EventType "swiss"]
[EventRounds "11"]
[EventCountry "POL"]
[SourceTitle "EXT 2011"]
[Source "ChessBase"]
[SourceDate "2010.11.26"]
[SourceVersion "1"]
[SourceVersionDate "2010.11.26"]
[SourceQuality "1"]

1. e4 c5 2. Nf3 d6 3. d4 cxd4 4. Nxd4 Nf6 5. Nc3 a6 6. Be2 e6 7. 0-0 Be7 8. Be3 Nbd7 9. f4 b5 10. Nc6 Qc7 11. Nxe7 Kxe7 12. a3 Bb7 13. Bf3 Nc5 14. Bxc5 Qxc5+ 15. Kh1 Rab8 16. Qe2 Nd7 17. Rad1 Nb6 18. Rd3 a5 19. Qf2 Qxf2 20. Rxf2 Ba6 21. b4 Nc4 22. Nb1 Rhc8 23. Nd2 Rc7 24. Rb3 a4 25. Rc3 Rbc8 26. Nb1 Bb7 27. g3 Nb6 28. Rxc7+ Rxc7 29. Kg2 g6 30. g4 Nc4 31. Re2 h6 32. Kf2 g5 33. f5 Kf6 34. h3 Ne5 35. c3 d5 36. exd5 Nxf3 37. Kxf3 Bxd5+ 38. Ke3 exf5 39. gxf5 Re7+ 40. Kf2 Rxe2+ 41. Kxe2 Be4 42. Nd2 Bxf5 43. h4 gxh4 44. Kf2 Ke6 45. Kg2 h3+ 46. Kg3 Kd5 47. Kh2 h5 48. Kg3 Bg4 49. Kf2 h4 50. Kg1 Ke5 51. c4 Bd7 52. cxb5 Bxb5 53. Kh2 Kf4 54. Kg1 Bd3 55. Nf1 Kf3 56. Nd2+ Kg3 57. Kh1 f5 58. b5 Bxb5 0-1

[Event "POL-ch U18 Girls"]
[Site "Leba"]
[Date "2007.03.27"]
[Round "6"]
[White "Swieszek, Daria"]
[Black "Czajkowska, Natalia"]
[Result "1/2-1/2"]
[WhiteElo "1850"]
[BlackElo "1886"]
[PlyCount "93"]
[EventDate "2007.03.24"]
[EventType "swiss"]
[EventRounds "11"]
[EventCountry "POL"]
[SourceTitle "EXT 2011"]
[Source "ChessBase"]
[SourceDate "2010.11.26"]
[SourceVersion "1"]
[SourceVersionDate "2010.11.26"]
[SourceQuality "1"]

1. e4 c5 2. Nc3 e6 3. Nge2 Nc6 4. g3 Nf6 5. Bg2 Be7 6. 0-0 0-0 7. d3 d6 8. h3 Bd7 9. Be3 Rb8 10. Qd2 b5 11. a3 a5 12. f4 b4 13. axb4 axb4 14. Nd1 Ne8 15. g4 Nc7 16. Ng3 d5 17. exd5 Nxd5 18. Bf2 Bd6 19. Bxd5 exd5 20. c4 Qc7 21. Ne2 Na5 22. Qc2 d4 23. Bg3 f5 24. Nf2 Bc6 25. gxf5 Rxf5 26. Ne4 Bf8 27. Kh2 Re8 28. Ng1 Nb7 29. Nf3 Qc8 30. Ne5 Rh5 31. Qg2 Kh8 32. Nxc6 Qxc6 33. Qf3 Qh6 34. Ng5 Nd6 35. Ra6 Qg6 36. Ne4 Rf5 37. Rfa1 Rd8 38. Rc6 Qe8 39. Nxd6 Bxd6 40. Re1 Qd7 41. Qe4 Bxf4 42. Re6 Bxg3+ 43. Kxg3 Rff8 44. Re7 Qd6+ 45. Kg2 Qf6 46. Qe2 h6 47. Re5 1/2-1/2

[Event "POL-ch U18 Girls"]
[Site "Leba"]
[Date "2007.03.25"]
[Round "2"]
[White "Gola, Karolina"]
[Black "Swieszek, Daria"]
[Result "1-0"]
[WhiteElo "1856"]
[BlackElo "1850"]
[PlyCount "104"]
[EventDate "2007.03.24"]
[EventType "swiss"]
[EventRounds "11"]
[EventCountry "POL"]
[SourceTitle "EXT 2011"]
[Source "ChessBase"]
[SourceDate "2010.11.26"]
[SourceVersion "1"]
[SourceVersionDate "2010.11.26"]
[SourceQuality "1"]

1. e4 c5 2. Nf3 d6 3. d4 cxd4 4. Nxd4 Nf6 5. Nc3 a6 6. Be2 e5 7. Nb3 b5 8. Bg5 Nbd7 9. 0-0 Bb7 10. Bg4 Be7 11. Bxd7+ Nxd7 12. Bxe7 Qxe7 13. Na5 Rb8 14. Nd5 Qd8 15. Nxb7 Rxb7 16. Qd2 Nb6 17. Nxb6 Qxb6 18. Rad1 Rd7 19. Kh1 Qc6 20. Qd3 0-0 21. Rd2 Rc8 22. f4 Qc4 23. Qxc4 Rxc4 24. fxe5 Rxe4 25. exd6 f6 26. Kg1 Kf7 27. g3 Re5 28. Rf3 b4 29. c4 Ke6 30. Rfd3 g5 31. Kf2 h5 32. Re3 Rxd6 33. Rxe5+ Kxe5 34. Rxd6 Kxd6 35. Ke3 Kc5 36. b3 f5 37. h4 f4+ 38. Kf3 gxh4 39. gxf4 Kd4 40. Kg2 a5 41. Kh3 Ke4 42. c5 Kd5 43. Kxh4 Kxc5 44. f5 Kd4 45. f6 Kc3 46. f7 Kb2 47. f8Q Kxa2 48. Qc5 Kxb3 49. Qxa5 Kc4 50. Qa2+ b3 51. Qb2 Kb4 52. Kxh5 Ka4 1-0

[Event "Krakow op"]
[Site "Krakow"]
[Date "2006.05.01"]
[Round "3"]
[White "Banaszkiewicz, Mikolaj"]
[Black "Swieszek, Daria"]
[Result "1-0"]
[WhiteElo "1986"]
[BlackElo "1776"]
[PlyCount "59"]
[EventDate "2006.04.27"]
[EventType "swiss"]
[EventRounds "9"]
[EventCountry "POL"]
[SourceTitle "CBM 112 Extra"]
[Source "ChessBase"]
[SourceDate "2006.07.14"]
[SourceVersion "1"]
[SourceVersionDate "2006.07.14"]
[SourceQuality "1"]

1. d4 Nf6 2. c4 e6 3. Nc3 Bb4 4. e3 c5 5. Bd3 d5 6. Nf3 cxd4 7. exd4 Nc6 8. 0-0 dxc4 9. Bxc4 Qc7 10. Nb5 Qd8 11. Bf4 Ba5 12. Nd6+ Ke7 13. Ng5 Rf8 14. d5 exd5 15. Bxd5 Be6 16. Bxe6 fxe6 17. Nxb7 Qxd1 18. Raxd1 Bb4 19. a3 Nd5 20. Bg3 Rf5 21. axb4 Rxg5 22. Bh4 Kf6 23. f4 Ne3 24. fxg5+ Kg6 25. Rd6 Nxf1 26. Rxc6 Nd2 27. Rxe6+ Kh5 28. Be1 Nc4 29. Bc3 g6 30. Re4 1-0

[Event "POL-ch U16 Girls"]
[Site "Leba"]
[Date "2004.04.04"]
[Round "11"]
[White "Swieszek, Daria"]
[Black "Stypczynska, Anna"]
[Result "1/2-1/2"]
[WhiteElo "1600"]
[BlackElo "1800"]
[PlyCount "62"]
[EventDate "2004.03.27"]
[EventType "swiss"]
[EventRounds "11"]
[EventCountry "POL"]
[SourceTitle "EXT 2005"]
[Source "ChessBase"]
[SourceDate "2004.11.15"]
[SourceVersion "1"]
[SourceVersionDate "2004.11.15"]
[SourceQuality "1"]

1. e4 c5 2. Nc3 Nc6 3. Nf3 g6 4. Bc4 Bg7 5. 0-0 Nf6 6. d4 cxd4 7. Nxd4 0-0 8. Be3 Ng4 9. Qxg4 Nxd4 10. Qd1 Nc6 11. Qd2 d6 12. Rad1 Bd7 13. Bh6 Ne5 14. Bb3 Rc8 15. Bxg7 Kxg7 16. Qd4 Kg8 17. Qxa7 b6 18. Qa6 b5 19. Qa7 Nc4 20. Bxc4 Rxc4 21. a3 Bc6 22. Qe3 Qa8 23. f3 Qb7 24. b3 Rc5 25. Rd2 Rc8 26. Ne2 Bd7 27. Rc1 Qa6 28. b4 Rc4 29. e5 Be6 30. exd6 exd6 31. Nd4 Rc3 1/2-1/2

[Event "POL-ch U16 Girls"]
[Site "Leba"]
[Date "2004.03.30"]
[Round "5"]
[White "Wesolowska, Edyta"]
[Black "Swieszek, Daria"]
[Result "1-0"]
[WhiteElo "1900"]
[BlackElo "1601"]
[PlyCount "77"]
[EventDate "2004.03.27"]
[EventType "swiss"]
[EventRounds "11"]
[EventCountry "POL"]
[SourceTitle "EXT 2005"]
[Source "ChessBase"]
[SourceDate "2004.11.15"]
[SourceVersion "1"]
[SourceVersionDate "2004.11.15"]
[SourceQuality "1"]

1. d4 Nf6 2. c4 g6 3. Nc3 Bg7 4. e4 d6 5. Nf3 0-0 6. Be2 Nbd7 7. 0-0 e5 8. Re1 c6 9. d5 Nc5 10. Nd2 Qb6 11. a3 a5 12. Na4 Nxa4 13. Qxa4 Bd7 14. Qc2 Rac8 15. Qd3 cxd5 16. cxd5 Rfd8 17. Nc4 Qc7 18. Bd2 b6 19. Rec1 Bb5 20. Qe3 Bxc4 21. Bxc4 Qb7 22. Qe2 Qd7 23. Bb5 Qe7 24. Bc6 Nd7 25. b4 axb4 26. axb4 Nb8 27. b5 f5 28. f3 f4 29. Qf2 Nxc6 30. bxc6 Qc7 31. Ra6 Rb8 32. Rca1 Rdc8 33. Ra7 Qd8 34. Rd7 Qf6 35. Raa7 Bf8 36. c7 Ra8 37. Qxb6 h6 38. Qb7 Rxa7 39. Qxa7 1-0